00628cam a2200205 i 450000500170000000800410001704100080005808000110006610000340007724500520011125000110016326000530017430000310022749000450025850000210030350000220032450400290034665000310037565000160040620131010080948.0780504s1978 cau b 001 0 eng 0 aeng a159.9 1 aRoberts, D. F.q(Derek Frank)10aClimate and human variability /cD. F. Roberts. a2d ed. aMenlo Park, Calif. :bCummings Pub. Co.,cc1978. a123 p. :bgraphs ;c21 cm.0 aCummings modular program in anthropology aPreface f. : [I] aIncludes indexes. aBibliography: p. 98-110. 0aNjeriuxNdikimi i klimës 0xPsikologjia